[Event "Australian Masters (Women)"]
[Site "Melbourne"]
[Date "2013.01.15"]
[Round "2"]
[White "Simmonds, Leteisha Simone"]
[Black "Krstevska, Tanya"]
[Result "1-0"]
[WhiteElo "1735"]
[BlackElo "1578"]
[PlyCount "117"]
[EventDate "2013.01.14"]
[EventType "tourn"]
[EventRounds "7"]
[EventCountry "AUS"]
[SourceTitle "EXT 2016"]
[Source "ChessBase"]
[SourceDate "2015.10.08"]
[SourceVersion "1"]
[SourceVersionDate "2015.10.08"]
[SourceQuality "1"]

1. e4 c5 2. d4 cxd4 3. Qxd4 Nc6 4. Qd1 d6 5. c4 Nf6 6. Nc3 a6 7. Nf3 Bg4 8. Be2 g6 9. h3 Bxf3 10. Bxf3 Bg7 11. Qc2 Nd4 12. Qa4+ Qd7 13. Qxd7+ Nxd7 14. Rb1 Nxf3+ 15. gxf3 Ne5 16. f4 Nxc4 17. Nd5 Kd8 18. b3 Na5 19. Be3 Nc6 20. Bb6+ Kd7 21. Be3 Kd8 22. 0-0 Bd4 23. Rfd1 Bxe3 24. Nxe3 Ke8 25. Rbc1 Rd8 26. Nc4 f6 27. Kg2 Kf7 28. f3 h6 29. Kf2 Ke6 30. Nb6 Kf7 31. a3 a5 32. Nc4 Rhe8 33. Rd5 Ra8 34. Rcd1 Red8 35. Rb5 Ra7 36. Rdd5 Rda8 37. h4 h5 38. f5 g5 39. hxg5 fxg5 40. f6 Rg8 41. fxe7 Kxe7 42. Rxg5 Rxg5 43. Rxg5 b5 44. Rxb5 h4 45. Rh5 Kf6 46. f4 Nd4 47. Nxa5 Kg6 48. Rd5 Ra6 49. Rxd4 Rxa5 50. Rxd6+ Kg7 51. a4 Rc5 52. Rd2 Rc3 53. Rb2 h3 54. a5 Rc5 55. b4 Rc4 56. a6 Rxe4 57. a7 Rxf4+ 58. Kg3 Rf8 59. b5 1-0

[Event "World ol U16 11th"]
[Site "Istanbul"]
[Date "2012.08.30"]
[Round "3.15"]
[White "Simmonds, Leteisha Simone"]
[Black "De Abreu, Roberto N"]
[Result "0-1"]
[WhiteElo "1718"]
[BlackElo "1970"]
[PlyCount "60"]
[EventDate "2012.08.29"]
[EventType "team-swiss"]
[EventRounds "10"]
[EventCountry "TUR"]
[SourceTitle "CBM 150 Extra"]
[Source "ChessBase"]
[SourceDate "2012.10.19"]
[SourceVersion "1"]
[SourceVersionDate "2012.10.19"]
[SourceQuality "1"]
[WhiteTeam "Australia (U16) II"]
[BlackTeam "South Africa"]
[WhiteTeamCountry "AUS"]
[BlackTeamCountry "RSA"]

1. e4 c5 2. Nf3 Nc6 3. d4 cxd4 4. Nxd4 Nf6 5. Nc3 e5 6. Ndb5 d6 7. Nd5 Nxd5 8. exd5 Nb8 9. a4 a6 10. Na3 Be7 11. Nc4 Nd7 12. a5 b5 13. axb6 Nxb6 14. Be3 Nxc4 15. Bxc4 0-0 16. Qd2 f5 17. f4 Qc7 18. Bb3 Bf6 19. c3 exf4 20. Bxf4 g5 21. Be3 f4 22. Bd4 Re8+ 23. Kf2 Bxd4+ 24. Qxd4 Rb8 25. Ra3 Bg4 26. Qf6 Qa7+ 27. Qd4 Re2+ 28. Kf1 Qe7 29. Qd3 Re1+ 30. Kf2 Rxh1 0-1

[Event "Queenstown op"]
[Site "Queenstown"]
[Date "2012.01.16"]
[Round "2"]
[White "Maroroa, Sue Yuchan"]
[Black "Simmonds, Leteisha Simone"]
[Result "1-0"]
[WhiteElo "2020"]
[BlackElo "1643"]
[PlyCount "71"]
[EventDate "2012.01.15"]
[EventType "swiss"]
[EventRounds "9"]
[EventCountry "NZL"]
[SourceTitle "CBM 146 Extra"]
[Source "ChessBase"]
[SourceDate "2012.02.29"]
[SourceVersion "1"]
[SourceVersionDate "2012.02.29"]
[SourceQuality "1"]

1. e4 e6 2. d4 d5 3. Nd2 Nf6 4. e5 Nfd7 5. Bd3 c5 6. c3 Nc6 7. Ngf3 cxd4 8. cxd4 f6 9. exf6 Nxf6 10. 0-0 Bd6 11. Re1 0-0 12. Nf1 Qc7 13. Bg5 Bd7 14. Rc1 Qb6 15. Re2 h6 16. Bh4 Nh5 17. Bb1 Rac8 18. Rd2 Nf6 19. Re2 Nh5 20. Rc3 Nf4 21. Ree3 g5 22. Bxg5 hxg5 23. Nxg5 Nxd4 24. Rxc8 Bxc8 25. Qg4 Kh8 26. Qh4+ Kg7 27. Qh7+ Kf6 28. Qh6+ Ke7 29. Qg7+ Ke8 30. g3 Nfe2+ 31. Kg2 Qc7 32. Bg6+ Kd8 33. Nf7+ Rxf7 34. Bxf7 Qe7 35. Qh8+ Kc7 36. Bh5 1-0

[Event "AUS-ch U16"]
[Site "Mooroolbark"]
[Date "2011.01.22"]
[Round "8"]
[White "Ng, Joshua"]
[Black "Simmonds, Leteisha Simone"]
[Result "0-1"]
[WhiteElo "1321"]
[BlackElo "1483"]
[PlyCount "128"]
[EventDate "2011.01.15"]
[EventType "swiss"]
[EventRounds "9"]
[EventCountry "AUS"]
[SourceTitle "EXT 2013"]
[Source "ChessBase"]
[SourceDate "2012.11.22"]
[SourceVersion "1"]
[SourceVersionDate "2012.11.22"]
[SourceQuality "1"]

1. d4 d5 2. Bf4 c6 3. Nf3 Bf5 4. e3 e6 5. Bd3 Nf6 6. c3 Be7 7. Qc2 Bxd3 8. Qxd3 Nbd7 9. Nbd2 0-0 10. h3 Re8 11. Ne5 Nxe5 12. dxe5 Nd7 13. h4 f6 14. Nf3 fxe5 15. Nxe5 Nxe5 16. Bxe5 Bf6 17. Bg3 Qd7 18. h5 e5 19. 0-0-0 b5 20. h6 g6 21. Bh4 e4 22. Qe2 Bxh4 23. Rxh4 Qe7 24. Rhh1 Qe5 25. Qd2 Rf8 26. Rhf1 c5 27. f4 exf3 28. Rxf3 Rxf3 29. gxf3 Re8 30. Re1 d4 31. cxd4 cxd4 32. e4 Rf8 33. Rf1 Qf4 34. Qxf4 Rxf4 35. Kd2 Rh4 36. Rf2 Rxh6 37. Kd3 Kf7 38. Kxd4 Ke6 39. f4 Rh5 40. e5 Rf5 41. Ke4 g5 42. Rf3 Rxf4+ 43. Rxf4 gxf4 44. Kxf4 a5 45. b3 b4 46. Ke4 h5 47. Kf4 h4 48. Kg4 Kxe5 49. Kxh4 Kd4 50. Kg4 Kc3 51. Kf3 Kb2 52. Ke2 Kxa2 53. Kd2 Kxb3 54. Kc1 a4 55. Kb1 a3 56. Ka1 Kc2 57. Ka2 b3+ 58. Kxa3 b2 59. Ka4 b1Q 60. Ka5 Kc3 61. Ka6 Kc4 62. Ka7 Kc5 63. Ka8 Kc6 64. Ka7 Qb7# 0-1

[Event "Surfers Paradise op"]
[Site "Gold Coast"]
[Date "2010.12.26"]
[Round "2"]
[White "Simmonds, Leteisha Simone"]
[Black "Guo, Emma"]
[Result "1/2-1/2"]
[WhiteElo "1622"]
[BlackElo "1965"]
[PlyCount "72"]
[EventDate "2010.12.26"]
[EventType "swiss"]
[EventRounds "9"]
[EventCountry "AUS"]
[SourceTitle "CBM 140 Extra"]
[Source "ChessBase"]
[SourceDate "2011.03.01"]
[SourceVersion "1"]
[SourceVersionDate "2011.03.01"]
[SourceQuality "1"]

1. e4 c5 2. Nf3 Nc6 3. d4 cxd4 4. Nxd4 g6 5. c4 Bg7 6. Be3 Nf6 7. Nc3 d6 8. Be2 Bd7 9. Rc1 0-0 10. 0-0 h5 11. Qd2 Rc8 12. h3 Kh7 13. f4 Qa5 14. Nxc6 Bxc6 15. f5 Nd7 16. Bd3 Ne5 17. b3 Nxd3 18. Qxd3 Bxc3 19. Rxc3 Bxe4 20. fxg6+ fxg6 21. Qd2 Rxf1+ 22. Kxf1 d5 23. Kf2 e5 24. Rc1 Qxd2+ 25. Bxd2 dxc4 26. Rxc4 Rxc4 27. bxc4 Kg7 28. Bg5 Kf7 29. g3 b6 30. Be3 Ke6 31. c5 b5 32. c6 Bxc6 33. Bxa7 Kd5 34. a3 g5 35. h4 g4 36. Ke3 Bd7 1/2-1/2

[Event "Sydney op-B"]
[Site "Parramatta"]
[Date "2010.04.11"]
[Round "9"]
[White "Simmonds, Leteisha Simone"]
[Black "Ross, William"]
[Result "0-1"]
[WhiteElo "1624"]
[BlackElo "1345"]
[PlyCount "97"]
[EventDate "2010.04.07"]
[EventType "swiss"]
[EventRounds "9"]
[EventCountry "AUS"]
[SourceTitle "EXT 2012"]
[Source "ChessBase"]
[SourceDate "2011.11.24"]
[SourceVersion "1"]
[SourceVersionDate "2011.11.24"]
[SourceQuality "1"]

1. e4 c5 2. Nf3 Nc6 3. c3 Nf6 4. Bd3 e6 5. Bc2 d5 6. exd5 exd5 7. d4 b6 8. h3 Be7 9. 0-0 0-0 10. Bf4 h6 11. Ne5 Nxe5 12. Bxe5 c4 13. Nd2 Bd6 14. Nf3 Bxe5 15. Nxe5 Qd6 16. Re1 Nd7 17. Qf3 Nxe5 18. Rxe5 Be6 19. Bf5 Rae8 20. Rae1 Qd7 21. Bxe6 Rxe6 22. Rxe6 fxe6 23. Qe2 Rf6 24. Qc2 b5 25. a3 a5 26. Re3 a4 27. Qe2 Qf7 28. g3 Kf8 29. Kg2 Kg8 30. Rf3 Rxf3 31. Qxf3 Qxf3+ 32. Kxf3 Kf7 33. Kf4 Kf6 34. h4 g5+ 35. hxg5+ hxg5+ 36. Kg4 e5 37. dxe5+ Kxe5 38. Kxg5 d4 39. f4+ Ke6 40. f5+ Kf7 41. cxd4 b4 42. d5 bxa3 43. d6 axb2 44. d7 Ke7 45. f6+ Kxd7 46. f7 Ke7 47. Kg6 Kf8 48. g4 b1Q+ 49. Kf6 0-1

[Event "Sydney op-B"]
[Site "Parramatta"]
[Date "2010.04.07"]
[Round "1"]
[White "Lin, Mark"]
[Black "Simmonds, Leteisha Simone"]
[Result "0-1"]
[WhiteElo "775"]
[BlackElo "1624"]
[PlyCount "60"]
[EventDate "2010.04.07"]
[EventType "swiss"]
[EventRounds "9"]
[EventCountry "AUS"]
[SourceTitle "EXT 2012"]
[Source "ChessBase"]
[SourceDate "2011.11.24"]
[SourceVersion "1"]
[SourceVersionDate "2011.11.24"]
[SourceQuality "1"]

1. e4 e6 2. d4 d5 3. e5 c5 4. c3 Nc6 5. Nf3 Qb6 6. Nbd2 cxd4 7. c4 dxc4 8. Nxc4 Qd8 9. a3 b5 10. Ncd2 Qd5 11. Qe2 a6 12. Qe4 Qxe4+ 13. Nxe4 Bb7 14. Bd3 f6 15. Bf4 f5 16. Neg5 Ke7 17. Nh4 g6 18. Ngf3 Bh6 19. Bxh6 Nxh6 20. 0-0 Nf7 21. Nd2 Ncxe5 22. Bc2 Nc4 23. Nxc4 bxc4 24. b3 c3 25. Nf3 e5 26. Rfe1 Kf6 27. b4 Rhd8 28. Bd3 Bd5 29. Bc2 Bc4 30. Re2 Bxe2 0-1

[Event "Doeberl Cup Major 48th"]
[Site "Canberra"]
[Date "2010.04.04"]
[Round "6"]
[White "Boyce, Jamie"]
[Black "Simmonds, Leteisha Simone"]
[Result "1-0"]
[WhiteElo "1856"]
[BlackElo "1424"]
[PlyCount "95"]
[EventDate "2010.04.02"]
[EventType "swiss"]
[EventRounds "7"]
[EventCountry "AUS"]
[SourceTitle "EXT 2012"]
[Source "ChessBase"]
[SourceDate "2011.11.24"]
[SourceVersion "1"]
[SourceVersionDate "2011.11.24"]
[SourceQuality "1"]

1. c4 c5 2. Nc3 Nc6 3. g3 g6 4. Bg2 Bg7 5. Nf3 Nf6 6. 0-0 0-0 7. d4 d6 8. d5 Nb4 9. a3 Na6 10. e4 Nd7 11. Be3 b6 12. Qd2 Ne5 13. Nxe5 Bxe5 14. f4 Bg7 15. f5 Bd7 16. g4 Nc7 17. Rf3 Qc8 18. Kh1 b5 19. Bh6 bxc4 20. Rh3 f6 21. Bxg7 Kxg7 22. Qh6+ Kf7 23. Qxh7+ Ke8 24. fxg6 Kd8 25. g7 Re8 26. g8Q Rxg8 27. Qxg8+ Ne8 28. Rg3 Kc7 29. h4 Qb7 30. Rb1 Qb3 31. h5 Qc2 32. h6 Rb8 33. h7 Rb3 34. h8Q Rxc3 35. Rxc3 Qxb1+ 36. Kh2 Qxb2 37. Qh3 Qb5 38. Qf7 a6 39. Qxe7 Kc8 40. Bf1 Qb2+ 41. Kg1 Qb5 42. Bxc4 Qa4 43. Qd3 Qa5 44. Bxa6+ Kc7 45. Qb5 Qxb5 46. Bxb5 Kb6 47. Qxd7 Nc7 48. Qc6+ 1-0

[Event "AUS-ch U18 Girls"]
[Site "Sandy Bay"]
[Date "2010.01.23"]
[Round "7"]
[White "Yum, Jenny"]
[Black "Simmonds, Leteisha Simone"]
[Result "0-1"]
[WhiteElo "604"]
[BlackElo "1323"]
[PlyCount "108"]
[EventDate "2010.01.14"]
[EventType "swiss"]
[EventRounds "9"]
[EventCountry "AUS"]
[SourceTitle "EXT 2011"]
[Source "ChessBase"]
[SourceDate "2010.11.26"]
[SourceVersion "1"]
[SourceVersionDate "2010.11.26"]
[SourceQuality "1"]

1. e4 e6 2. d4 d5 3. Nc3 Nf6 4. Bg5 Bb4 5. Bxf6 Qxf6 6. exd5 exd5 7. Nf3 0-0 8. Bd3 Bf5 9. 0-0 c6 10. Ne2 Bxd3 11. Qxd3 Nd7 12. c4 dxc4 13. Qxc4 Bd6 14. Rfe1 Nb6 15. Qd3 Rfe8 16. Ng3 Bxg3 17. fxg3 Rad8 18. Re4 Rxe4 19. Qxe4 Nd5 20. Re1 Qd6 21. Qe5 f6 22. Qe6+ Qxe6 23. Rxe6 Kf7 24. Re2 Re8 25. Rxe8 Kxe8 26. Kf2 Ke7 27. a3 Kd6 28. Nd2 Nc7 29. Ke3 Kd5 30. b3 Nb5 31. Nf3 Nxa3 32. Kd3 Nb5 33. g4 Nd6 34. h4 Ne4 35. Ke3 c5 36. dxc5 Nxc5 37. Nd4 g6 38. Nb5 Nxb3 39. Nxa7 Nd4 40. g5 fxg5 41. hxg5 Ne6 42. Kf3 Nxg5+ 43. Kg4 Ne6 44. Nc8 b5 45. Ne7+ Kc5 46. Kh4 b4 47. g4 b3 48. g5 b2 49. Nxg6 hxg6 50. Kg3 b1Q 51. Kg4 Qf5+ 52. Kh4 Qxg5+ 53. Kh3 Nf4+ 54. Kh2 Qg2# 0-1

[Event "AUS-ch Major"]
[Site "Cammeray"]
[Date "2010.01.13"]
[Round "11"]
[White "Simmonds, Leteisha Simone"]
[Black "Alkin, John"]
[Result "1/2-1/2"]
[WhiteElo "1323"]
[BlackElo "1632"]
[PlyCount "50"]
[EventDate "2010.01.02"]
[EventType "swiss"]
[EventRounds "11"]
[EventCountry "AUS"]
[SourceTitle "EXT 2011"]
[Source "ChessBase"]
[SourceDate "2010.11.26"]
[SourceVersion "1"]
[SourceVersionDate "2010.11.26"]
[SourceQuality "1"]

1. e4 e6 2. d4 d5 3. exd5 exd5 4. Bd3 Nf6 5. Bf4 Bd6 6. Bxd6 Qxd6 7. c3 0-0 8. Ne2 Bg4 9. f3 Bh5 10. 0-0 Nbd7 11. Nd2 Rfe8 12. Ng3 Bg6 13. Nb3 Qf4 14. Bxg6 hxg6 15. Qd2 Qd6 16. Rae1 Qa6 17. Qc2 Kf8 18. Kf2 Qd6 19. Qd2 Nb6 20. Nc5 Nc4 21. Qc1 Qc6 22. b3 Nd6 23. a4 Nd7 24. Nxd7+ Qxd7 25. Rxe8+ Rxe8 1/2-1/2

[Event "AUS-ch Major"]
[Site "Cammeray"]
[Date "2010.01.07"]
[Round "5"]
[White "Tomas, Tom"]
[Black "Simmonds, Leteisha Simone"]
[Result "1/2-1/2"]
[WhiteElo "1583"]
[BlackElo "1323"]
[PlyCount "111"]
[EventDate "2010.01.02"]
[EventType "swiss"]
[EventRounds "11"]
[EventCountry "AUS"]
[SourceTitle "EXT 2011"]
[Source "ChessBase"]
[SourceDate "2010.11.26"]
[SourceVersion "1"]
[SourceVersionDate "2010.11.26"]
[SourceQuality "1"]

1. Nf3 g6 2. g3 d5 3. d4 Bg7 4. Bg2 Nf6 5. b4 Nbd7 6. Bb2 Nb6 7. Nbd2 Bd7 8. Ne5 Bb5 9. Rc1 Nfd7 10. Ndf3 Nc4 11. Ba1 e6 12. 0-0 0-0 13. Nxc4 Bxc4 14. a4 a6 15. c3 b5 16. a5 c6 17. Nd2 Nf6 18. Nxc4 bxc4 19. Qa4 Qc7 20. Rce1 Ne8 21. e4 Nd6 22. e5 Nb5 23. Qd1 Qe7 24. Bb2 Rfc8 25. Re2 Kf8 26. Qe1 Ke8 27. Bc1 Kd7 28. h4 h5 29. Bh3 Rh8 30. Bg5 Qf8 31. Qd2 Bh6 32. Bxh6 Qxh6 33. Qxh6 Rxh6 34. Re3 Nc7 35. Rf3 Ke7 36. Re1 Ne8 37. Ree3 Ng7 38. Rf6 Rah8 39. Ref3 Nf5 40. Kg2 R8h7 41. Rf4 Rh8 42. Bxf5 gxf5 43. Rxh6 Rxh6 44. Kh3 f6 45. f3 fxe5 46. dxe5 Rg6 47. Rd4 Kf7 48. Kg2 Rg8 49. Kf2 Ke7 50. Rd1 Kd7 51. Rg1 Rg7 52. Ke3 Rg8 53. Kd4 Rg7 54. Kc5 Kc7 55. Kd4 Kd7 56. Kc5 1/2-1/2

[Event "AUS-ch Major"]
[Site "Cammeray"]
[Date "2010.01.06"]
[Round "4"]
[White "Simmonds, Leteisha Simone"]
[Black "Weller, Tony"]
[Result "0-1"]
[WhiteElo "1323"]
[BlackElo "1736"]
[PlyCount "154"]
[EventDate "2010.01.02"]
[EventType "swiss"]
[EventRounds "11"]
[EventCountry "AUS"]
[SourceTitle "EXT 2011"]
[Source "ChessBase"]
[SourceDate "2010.11.26"]
[SourceVersion "1"]
[SourceVersionDate "2010.11.26"]
[SourceQuality "1"]

1. e4 c5 2. Nf3 e6 3. c3 Nc6 4. d4 cxd4 5. cxd4 Bb4+ 6. Bd2 Nf6 7. Bxb4 Nxb4 8. Qd2 Qa5 9. Nc3 0-0 10. Be2 d5 11. exd5 Nbxd5 12. Nxd5 Qxd2+ 13. Kxd2 Nxd5 14. Bc4 Rd8 15. Rac1 Nb6 16. Bb3 Bd7 17. Rhd1 Bc6 18. Ke2 Rd6 19. Rd2 Rad8 20. Rcd1 f6 21. g3 Kf8 22. Ne1 Bb5+ 23. Kf3 Bc4 24. Nc2 Bxb3 25. axb3 Nd5 26. Ne3 Nb4 27. Nc4 R6d7 28. h4 b5 29. Ne3 a6 30. Ke4 g6 31. f4 Ke7 32. Nc2 f5+ 33. Ke3 Nd5+ 34. Ke2 Rc7 35. Ne1 Nf6 36. Ke3 Rdc8 37. Nd3 Ne4 38. Rg2 Rc2 39. Rdg1 a5 40. g4 Nf6 41. g5 Ng4+ 42. Kf3 Rxg2 43. Rxg2 Rd8 44. Ne5 Nxe5+ 45. dxe5 Rd3+ 46. Ke2 Rxb3 47. Kd1 Rh3 48. Kc2 Rxh4 49. Rf2 Rh3 50. Kd2 a4 51. Kc2 b4 52. Kc1 a3 53. bxa3 bxa3 54. Kb1 h5 55. gxh6 Rxh6 56. Ka2 Rh3 57. Rf1 g5 58. fxg5 Rg3 59. g6 Rxg6 60. Kxa3 Rg3+ 61. Kb4 Re3 62. Kc4 Rxe5 63. Kd4 Kd6 64. Kd3 Re4 65. Rh1 Ke5 66. Rf1 Rd4+ 67. Ke3 f4+ 68. Ke2 Ke4 69. Ra1 e5 70. Ra5 f3+ 71. Ke1 Kf4 72. Ra3 e4 73. Ra2 e3 74. Rc2 f2+ 75. Ke2 Rd2+ 76. Rxd2 exd2 77. Kxd2 f1Q 0-1

[Event "AUS-ch Major"]
[Site "Cammeray"]
[Date "2010.01.03"]
[Round "2"]
[White "Gillespie, Gary"]
[Black "Simmonds, Leteisha Simone"]
[Result "1/2-1/2"]
[WhiteElo "1839"]
[BlackElo "1323"]
[PlyCount "86"]
[EventDate "2010.01.02"]
[EventType "swiss"]
[EventRounds "11"]
[EventCountry "AUS"]
[SourceTitle "EXT 2011"]
[Source "ChessBase"]
[SourceDate "2010.11.26"]
[SourceVersion "1"]
[SourceVersionDate "2010.11.26"]
[SourceQuality "1"]

1. e4 e6 2. d4 d5 3. Nc3 Nf6 4. e5 Nfd7 5. Nce2 c5 6. c3 Nc6 7. f4 cxd4 8. Nxd4 Nxd4 9. cxd4 Qb6 10. Nf3 Nb8 11. a3 Bd7 12. Rb1 Bb5 13. Be3 Nc6 14. g4 Be7 15. Bxb5 Qxb5 16. Qe2 Qxe2+ 17. Kxe2 Kd7 18. b4 Rac8 19. Rbc1 Rc7 20. Kd3 Rhc8 21. h4 h6 22. Bd2 b5 23. f5 Bf8 24. Bf4 a5 25. bxa5 Nxa5 26. Rxc7+ Rxc7 27. Rb1 Nc4 28. Rxb5 Nxa3 29. Ra5 Nc4 30. Ra8 Rc8 31. Rxc8 Kxc8 32. f6 Kd7 33. h5 g6 34. hxg6 fxg6 35. g5 hxg5 36. Bxg5 Ke8 37. Bc1 Na5 38. Ng5 Kd7 39. Nh7 Ke8 40. Nxf8 Kxf8 41. Kc3 Nc4 42. Kb4 Nb6 43. Kc5 Nc4 1/2-1/2